| 000 | 00957nam a2200265 a 4500 | ||
|---|---|---|---|
| 001 | 00002369 | ||
| 003 | DO-SdBNP | ||
| 005 | 20180327090705.0 | ||
| 007 | 00002369 | ||
| 008 | 150414s2009 000 spa d | ||
| 020 | _a9789945429138 | ||
| 040 |
_aBPMSU _bspa _cBPMSU |
||
| 100 | _aAlvarez, Julia | ||
| 245 | 3 |
_aEl mejor regalo del mundo : _bla leyenda de la vieja Belén = the best gift of all : the legend of la vieja Belén _cJulia Álverez ; ilustraciones Ruddy Núñez ; traducción Rhina P. Espaillat |
|
| 246 |
_athe best gift of all : _bthe legend of la vieja Belén |
||
| 260 |
_aSanto Domingo : _bGrupo Santillana, _c2009. |
||
| 300 |
_a31 p. : _bil., _c20 cm. |
||
| 490 | _aAlfaguara infantil | ||
| 700 |
_4Espaillat, Rhina P. _atr. |
||
| 700 |
_4Núñez, Ruddy _ail. |
||
| 830 | _pAlfaguara infantil | ||
| 942 |
_2ddc _cBK |
||
| 945 | _aInventariado infantil dom / 2017 VM | ||
| 956 |
_aVMATEO _b10 _c20150904 _lBPMSU _h00151 |
||
| 999 |
_c7674 _d7674 |
||